Looney Tunes Characters Quiz Stats

 Plays Quiz Updated Jun 30, 2016

Challenge
Share
Tweet
Score 0/36 Timer 06:00
9 Plays Today
Character % Correct
Bugs Bunny
99%
Daffy Duck
96.1%
Tweety
92.4%
Road Runner
90.7%
Tasmanian Devil
89.7%
Sylvester
84%
Elmer Fudd
78%
Porky Pig
77.8%
Marvin the Martian
66%
Speedy Gonzales
65.8%
Pepé Le Pew
62.9%
Wile E. Coyote
51.8%
Granny
49.8%
Yosemite Sam
48.9%
Foghorn Leghorn
47.3%
Sam the Sheepdog
38%
Lola Bunny
32%
Petunia Pig
22.5%
Character % Correct
Slowpoke Rodriguez
15.1%
Spike
12.6%
Sylvester Junior
11.1%
Witch Hazel
9.1%
Michigan J. Frog
8.9%
Henery Hawk
6.6%
Gossamer
5.6%
Egghead Jr.
5.5%
K-9
5.4%
Rocky
5.3%
Miss Prissy
4.9%
Beaky Buzzard
4.2%
Marc Antony
4.1%
Chester
3.5%
Claude Cat
2.9%
Hippety Hopper
2.8%
Hubie
2.6%
Bertie
2.5%

You're not logged in!

Compare scores with friends on all Sporcle quizzes.
OR
Log In

You Might Also Like...

Show Comments

Extras

Top Quizzes Today


Score Distribution

Your Account Isn't Verified!

In order to create a playlist on Sporcle, you need to verify the email address you used during registration. Go to your Sporcle Settings to finish the process.

Report this User

Report this user for behavior that violates our Community Guidelines.

Details: